000 00410nam a2200157Ia 4500
003 GCL
008 140319s9999 xx 000 0 eng d
040 _aGCL /
_cGCL
082 0 4 _a006.5
_bc s
100 1 _aCLARKE, DAVID
245 1 0 _aSHAREWARE TREASURE CHEST: WINDOWS SOUND BYTES /
_cCLARKE, DAVID
260 _a[S.N] :
_bSYBEX ،
_c1993
300 _a51 P P
650 0 4 _aCOMPUTER PROGRM
942 _2ddc
_cBK
999 _c16784
_d16784